000 00980cam a22003017a 4500
003 CHAP
005 20220817043147.0
008 971013s1987 r 00010 d
010 _a67093
011 _a68065
035 _a77537
040 _cCHAP
090 _aFolleto 11209
100 0 0 _aBlanco Cachafeiro, M. Carmen.
_913072
245 1 3 _aLa necrosis pancreƔtica viral de las truchas de piscifactoria
260 _aMadrid :
_bMinisterio de Agricultura, Pesca y Alimentación,
_c1987
300 _a20 p.
_b: ilus.
490 0 _aHojas divulgadoras
_v; 3/87
590 _aBATCH-UPD
_b10
_c20130110
_lUCH01
_h0628
590 _aBATCH-UPD
_b10
_c20130110
_lUCH01
_h2307
590 _aCONVERSION
_b10
_c20130109
_lUCH01
_h1337
650 1 4 _aTruchas
_xEnfermedades.
_9115345
830 0 _aHojas divulgadoras
_v; 3/87
901 _aBK
942 _cFOLL
949 _aFolleto 11209
_bBC
_cFOLL
_d-30407
_eTS1
_i77537
_si
949 _aFolleto 11209
_bBC
_cFOLL
_d-91451
_eTS2
_fc.2
_i77537
_si
999 _c67093
_d67093